| 000 | 00978nam a2200289 i 4500 | ||
|---|---|---|---|
| 001 | bg | ||
| 003 | BPK | ||
| 005 | 20200525101041.0 | ||
| 008 | 001210s1998 pl a f f |000 0 pol | ||
| 020 | _a8301125535 | ||
| 040 | _cBPK | ||
| 041 | 0 | _apl | |
| 080 | _a532 | ||
| 080 | _a(075.8) | ||
| 100 | 1 |
_aGryboś, Ryszard _d(1931- ) _eAutor |
|
| 245 | 1 | 0 |
_a Podstawy mechaniki płynów. _nCz. 1, _pKinematyka, dynamika cieczy i gazów, hydrostatyka / _cRyszard Gryboś. |
| 246 | 3 | 0 | _aKinematyka, dynamika cieczy i gazów, hydrostatyka |
| 250 | _aWyd. nowe. | ||
| 260 |
_aWarszawa : _bWydaw. Naukowe PWN, _c1998. |
||
| 300 |
_a314, [1] s. : _brys., wykr. ; _c24 cm. |
||
| 504 | _aBibliogr. s. 309-310. | ||
| 655 | 4 | _aPodręczniki akademickie | |
| 650 | 4 | _aMechanika płynów | |
| 710 | 2 |
_aWydawnictwo Naukowe PWN _4pbl. |
|
| 856 |
_uhttp://koha.tu.koszalin.pl/cgi-bin/koha/opac-detail.pl?biblionumber=37568 _yKatalog online BPK |
||
| 942 |
_cKS _2UKD |
||
| 999 |
_c37568 _d37568 |
||